The first pioneer? (Record no. 5506)
[ view plain ]
| 000 -LEADER | |
|---|---|
| fixed length control field | 00598nam a22002057a 4500 |
| 005 - DATE AND TIME OF LATEST TRANSACTION | |
| control field | 20250513113634.0 |
| 008 - FIXED-LENGTH DATA ELEMENTS--GENERAL INFORMATION | |
| fixed length control field | 250513b |||||||| |||| 00| 0 eng d |
| 040 ## - CATALOGING SOURCE | |
| Transcribing agency | DepED Dasmarinas City |
| 245 ## - TITLE STATEMENT | |
| Title | The first pioneer? |
| 250 ## - EDITION | |
| Edition statement | August 2002 Vol. 202 No 2 |
| 490 ## - SERIES STATEMENT | |
| SERIES STATEMENT | National Geographic |
| 520 ## - SUMMARY, ETC. | |
| Summary, etc. | Oceans of Plenty, Mount Fuji, Henrietta Marie, Bahia, Russian Smokejumpers, Proboscis Monkeys, ZipUSA:03246 |
| 650 ## - SUBJECT ADDED ENTRY--TOPICAL TERM | |
| General subdivision | THE FACE |
| 650 ## - SUBJECT ADDED ENTRY--TOPICAL TERM | |
| General subdivision | SOUTH AFRICA COAST |
| 650 ## - SUBJECT ADDED ENTRY--TOPICAL TERM | |
| General subdivision | MOUNT FUJI |
| 650 ## - SUBJECT ADDED ENTRY--TOPICAL TERM | |
| General subdivision | HENRIETTA MARIE |
| 650 ## - SUBJECT ADDED ENTRY--TOPICAL TERM | |
| General subdivision | SMOKE JUMPERS |
| 650 ## - SUBJECT ADDED ENTRY--TOPICAL TERM | |
| General subdivision | PHOBOSCIS MONKEYS |
| 942 ## - ADDED ENTRY ELEMENTS (KOHA) | |
| Source of classification or shelving scheme | Dewey Decimal Classification |
| Koha item type | Continuing Resources |
| 999 ## - | |
| -- | 5506 |
| -- | 5506 |
No items available.
